<?xml version="1.0" encoding="UTF-8"?>
<record
    xmlns:xsi="http://www.w3.org/2001/XMLSchema-instance"
    xsi:schemaLocation="http://www.loc.gov/MARC21/slim http://www.loc.gov/standards/marcxml/schema/MARC21slim.xsd"
    xmlns="http://www.loc.gov/MARC21/slim">

  <leader>03967nam a2200481Ii 4500</leader>
  <controlfield tag="001">DIGIBE0332</controlfield>
  <controlfield tag="003">NyNyDIG</controlfield>
  <controlfield tag="006">m     o  d        </controlfield>
  <controlfield tag="007">cr |||||||||||</controlfield>
  <controlfield tag="008">130201s2008    sp a    ob    100 0 spa d</controlfield>
  <datafield tag="020" ind1=" " ind2=" ">
    <subfield code="z">9788484893486</subfield>
    <subfield code="q">(Iberoamericana) </subfield>
  </datafield>
  <datafield tag="020" ind1=" " ind2=" ">
    <subfield code="z">8484893480</subfield>
    <subfield code="q">(Iberoamericana) </subfield>
  </datafield>
  <datafield tag="020" ind1=" " ind2=" ">
    <subfield code="z">9783865273697</subfield>
    <subfield code="q">(Vervuert) </subfield>
  </datafield>
  <datafield tag="020" ind1=" " ind2=" ">
    <subfield code="z">3865273696</subfield>
    <subfield code="q">(Vervuert) </subfield>
  </datafield>
  <datafield tag="035" ind1=" " ind2=" ">
    <subfield code="a">(OCoLC)889966745</subfield>
  </datafield>
  <datafield tag="040" ind1=" " ind2=" ">
    <subfield code="a">DGITA</subfield>
    <subfield code="b">eng</subfield>
    <subfield code="e">pn</subfield>
    <subfield code="c">DGITA</subfield>
  </datafield>
  <datafield tag="043" ind1=" " ind2=" ">
    <subfield code="a">e-sp---</subfield>
  </datafield>
  <datafield tag="050" ind1="1" ind2="4">
    <subfield code="a">PC4815.C3 eBook</subfield>
  </datafield>
  <datafield tag="111" ind1="2" ind2=" ">
    <subfield code="a">Deutscher Hispanistentag</subfield>
    <subfield code="n">(15th :</subfield>
    <subfield code="d">2005 :</subfield>
    <subfield code="c">Bremen, Germany)</subfield>
  </datafield>
  <datafield tag="245" ind1="1" ind2="3">
    <subfield code="a">El castellano en las tierras de habla catalana /</subfield>
    <subfield code="c">Carsten Sinner y Andreas Wesch (eds.).</subfield>
  </datafield>
  <datafield tag="264" ind1=" " ind2="1">
    <subfield code="a">Madrid :</subfield>
    <subfield code="b">Iberoamericana ;</subfield>
    <subfield code="a">Frankfurt am Main :</subfield>
    <subfield code="b">Vervuert,</subfield>
    <subfield code="c">2008.</subfield>
  </datafield>
  <datafield tag="300" ind1=" " ind2=" ">
    <subfield code="a">1 online resource (361 pages) :</subfield>
    <subfield code="b">ill.</subfield>
  </datafield>
  <datafield tag="336" ind1=" " ind2=" ">
    <subfield code="a">text</subfield>
    <subfield code="b">txt</subfield>
    <subfield code="2">rdacontent</subfield>
  </datafield>
  <datafield tag="337" ind1=" " ind2=" ">
    <subfield code="a">computer</subfield>
    <subfield code="b">c</subfield>
    <subfield code="2">rdamedia</subfield>
  </datafield>
  <datafield tag="338" ind1=" " ind2=" ">
    <subfield code="a">online resource</subfield>
    <subfield code="b">cr</subfield>
    <subfield code="2">rdacarrier</subfield>
  </datafield>
  <datafield tag="490" ind1="1" ind2=" ">
    <subfield code="a">Ling&#xFC;&#xED;stica iberoamericana ;</subfield>
    <subfield code="v">v. 32.</subfield>
  </datafield>
  <datafield tag="500" ind1=" " ind2=" ">
    <subfield code="a">Papers presented in a section of the XV Congreso de la Asociaci&#xF3;n Alemana de Hispanistas, held in Bremen in Mar. 2005.</subfield>
  </datafield>
  <datafield tag="504" ind1=" " ind2=" ">
    <subfield code="a">Includes bibliographical references.</subfield>
  </datafield>
  <datafield tag="505" ind1="0" ind2=" ">
    <subfield code="a">Presentaci&#xF3;n / Carsten Sinner y Andreas Wesch -- El castellano en las tierras de lengua catalana: estado de la cuesti&#xF3;n / Carsten Sinner y Andreas Wesch -- Mujeres de hacer faenas que limpian racholas: sobre algunos catalanismos l&#xE9;xicos / Andreas Wesch -- Posibles interferencias del catal&#xE1;n en el espa&#xF1;ol de los estudiantes de Secundaria de la provincia de Alicante / Jaume Climent de Benito -- La lengua y el tema en conversaciones de preferencia individual: aspectos de la correspondencia relativa en el biling&#xFC;ismo catal&#xE1;n castellano / Ulrich Hoinkes/B&#xE0;rbara Rovir&#xF3; -- La influencia de actitudes identitarias personales sobrelas costumbres fon&#xE9;ticas de los emigrantes andaluces en Catalu&#xF1;a / Francisco B&#xE1;ez de Aguilar Gonz&#xE1;lez -- "Castellorqu&#xED;n": el castellano hablado por los mallorquines / Hans-Ingo Radatz -- "Castellorqu&#xED;n": el castellano hablado por los mallorquines / Hans-Ingo Radatz -- El habla de los graueros: peculiaridades del castellano de los j&#xF3;venes del distrito portuario de Castell&#xF3;n / Anja K&#xE4;uper/Carlos J. Guerrero Ramos -- Transgresiones ling&#xFC;&#xED;sticas bidireccionales: el lenguaje juvenil entre el castellano y el catal&#xE1;n / Katharina Wieland -- Patrones l&#xE9;xicos en el espa&#xF1;ol de los catalanohablantes: aproximaci&#xF3;n cualitativa / Montserrat Casanovas Catal&#xE0; -- La formaci&#xF3;n de una Unidad Funcional discursiva: lo que en el castellano de Mallorca / Magdalena Romera -- Materiales para la historia del castellano hablado en Mallorca: el Archivo Epistolar de Pedro de Santacilia / Andr&#xE9;s Enrique-Arias -- La conjugaci&#xF3;n de los verbos irregulares, entre prejuicio y an&#xE1;lisis ling&#xFC;&#xED;stico / Carsten Sinner -- Una derivaci&#xF3;n transc&#xF3;dica en el espa&#xF1;ol de los Pa&#xEF;sos Catalans y el papel del conocimiento ling&#xFC;&#xED;stico en su g&#xE9;nesis / Robert E Vann -- La frase hecha, entre variabilidad e interferencia / Jenny Brumme -- El uso del catal&#xE1;n en los peri&#xF3;dicos regionales de lengua castellana / Johannes M&#xFC;ller-Lanc&#xE9; -- La sociedad de la informaci&#xF3;n en Catalu&#xF1;a: soluciones terminol&#xF3;gicas espont&#xE1;neas vs. propuestas planificadas / Elisenda Bernal.</subfield>
  </datafield>
  <datafield tag="650" ind1=" " ind2="0">
    <subfield code="a">Spanish language</subfield>
    <subfield code="z">Spain</subfield>
    <subfield code="z">Catalonia.</subfield>
  </datafield>
  <datafield tag="650" ind1=" " ind2="0">
    <subfield code="a">Spanish language</subfield>
    <subfield code="z">Spain</subfield>
    <subfield code="z">Valencia (Province)</subfield>
  </datafield>
  <datafield tag="650" ind1=" " ind2="0">
    <subfield code="a">Spanish language</subfield>
    <subfield code="z">Spain</subfield>
    <subfield code="z">Balearic Islands.</subfield>
  </datafield>
  <datafield tag="650" ind1=" " ind2="0">
    <subfield code="a">Catalan language</subfield>
    <subfield code="x">Influence on Spanish.</subfield>
  </datafield>
  <datafield tag="655" ind1=" " ind2="0">
    <subfield code="a">Electronic books.</subfield>
  </datafield>
  <datafield tag="700" ind1="1" ind2=" ">
    <subfield code="a">Sinner, Carsten.</subfield>
  </datafield>
  <datafield tag="700" ind1="1" ind2=" ">
    <subfield code="a">Wesch, Andreas.</subfield>
  </datafield>
  <datafield tag="791" ind1="2" ind2=" ">
    <subfield code="a">Digitalia (Firm),</subfield>
    <subfield code="e">distributor.</subfield>
  </datafield>
  <datafield tag="830" ind1=" " ind2="0">
    <subfield code="a">Ling&#xFC;&#xED;stica iberoamericana ;</subfield>
    <subfield code="v">v. 32.</subfield>
  </datafield>
  <datafield tag="793" ind1="0" ind2=" ">
    <subfield code="g">Digitalia eBook Collection:</subfield>
    <subfield code="a">Iberoamericana/Vervuert.</subfield>
  </datafield>
  <datafield tag="856" ind1="4" ind2="0">
    <subfield code="3">Digitalia Hisp&#xE1;nica</subfield>
    <subfield code="u">https://www.digitaliapublishing.com/a/18331/</subfield>
  </datafield>
  <datafield tag="910" ind1=" " ind2=" ">
    <subfield code="a">Premium Collection: 2007-2012</subfield>
  </datafield>
  <datafield tag="942" ind1=" " ind2=" ">
    <subfield code="c">RAA</subfield>
  </datafield>
  <datafield tag="952" ind1=" " ind2=" ">
    <subfield code="0">0</subfield>
    <subfield code="1">0</subfield>
    <subfield code="4">0</subfield>
    <subfield code="7">0</subfield>
    <subfield code="8">DEH</subfield>
    <subfield code="a">BD-UIN</subfield>
    <subfield code="b">BD-UIN</subfield>
    <subfield code="d">2025-04-25</subfield>
    <subfield code="l">0</subfield>
    <subfield code="r">2025-04-25</subfield>
    <subfield code="w">2025-04-25</subfield>
    <subfield code="y">RAA</subfield>
  </datafield>
  <datafield tag="999" ind1=" " ind2=" ">
    <subfield code="c">235794</subfield>
    <subfield code="d">235794</subfield>
  </datafield>
</record>
